| 000 | 01087cam a2200253 i 4500 | ||
|---|---|---|---|
| 005 | 20170119110300.0 | ||
| 008 | 151029s2014 ck a b 000 0 spa | ||
| 040 |
_aDLC _cDLC _dCo-BoIAVH |
||
| 041 | 0 | _aspa | |
| 044 | _ack | ||
| 082 | 0 | 4 |
_a346.0482 _bM75d |
| 100 | 1 |
_aMonroy Rodríguez, Juan Carlos, _eauthor. |
|
| 245 | 1 | 3 |
_aEl derecho de autor y los derechos conexos en la industria de la musica / _cautores de los textos, Juan Carlos Monroy Rodríguez, Ximena Rojas Murcia, Johanna Sáenz Ardila y Camila Arias Ospina. |
| 250 | _aPrimera edición. | ||
| 260 |
_aBogotá (Colombia) : _bDirección Nacional de Derecho de Autor, _c[s.f.]. |
||
| 300 |
_a40 páginas : _bilustraciones a color ; _c21 x 15 cm |
||
| 504 | _aIncluye referencias bibliográficas (páginas 38-39). | ||
| 650 | 2 | 6 |
_aDerecho de autor _xMúsica _zColombia |
| 650 | 2 | 6 |
_aComercio _xMúsica _xLegislación _zColombia |
| 700 | 1 |
_aRojas Murcia, Ximena _eautora |
|
| 700 | 1 |
_aSáenz Ardila, Johanna _eautora |
|
| 700 | 1 |
_aArias Ospina, Camila _eautora |
|
| 942 |
_2ddc _cLIBRO |
||
| 999 |
_c19219 _d19219 |
||